Geometrické špecifikácie výrobkov (GPS). STN 01 4443. EN ISO 22432 : Charakteristiky používané na špecifikácie a verifikácie. Apríl 2012

Saved in:
Bibliographic Details
Format: Book
Language:English
Published: Bratislava : Slovenský ústav technickej normalizácie, 2012
Subjects:
Tags: Add Tag
No Tags, Be the first to tag this record!

MARC

LEADER 00000nam a22000003a 4500
001 stu254931
005 20150408165249.1
008 120928s2012----xo------------------eng-d
040 |a STU  |b slo 
041 0 |a eng 
044 |a xo 
245 |a Geometrické špecifikácie výrobkov (GPS). STN 01 4443. EN ISO 22432 :  |b Charakteristiky používané na špecifikácie a verifikácie. Apríl 2012 
260 |a Bratislava :  |b Slovenský ústav technickej normalizácie,  |c 2012 
300 |a 50 s 
650 7 |a výrobky-geometrické špecifikácie  |2 stusub 
996 |b 284M081439  |c M*N-1522-1  |l MMKN  |s A  |a 24  |w stu254931_0001